000 00931nam a2200253 a 4500
001 BRCA_2001
005 20190320203631.0
008 120608s2001----mx-ac#####---#000-0#spa-#
020 _a9685234116
041 _aspa
044 _amx
050 4 _aF1232
_b.J56 2001
100 1 _aJiménez Codinach, Estela Guadalupe
_92332
245 1 0 _aMéxico
_blos proyectos de una nación, 1821-1888
_cGuadalupe Jiménez Codinach.
260 _aMéxico
_bFomento Cultural Banamex
_c2001
300 _a477 p.
_bil. a color
_c33 cm.
500 _aIncluye índice de ilustraciones
500 _aIncluye piezas de la colección Franz Mayer: p. 47, 100-101, 114-115, 180, 309, 324-325, 360-361, 381 y 426
504 _aIncluye referencias bibliográficas
651 4 _aMéxico
_xHistoria
_y1821-1861
_9618
651 4 _aMéxico
_xHistoria
_yIntervención europea, 1861-1867
_9758
651 4 _aMéxico
_xHistoria
_y1867-1910
_94778
942 _2lcc
_cB
999 _c1768
_d1768